000 00344 a2200133 4500
001 65898
040 _cAnchieta - Pituba
100 _aAzevedo, Josie
240 1 0 _a1ª Avaliação de Língua portuguesa, 9º ano
_lpor
245 1 0 _a1ª Avaliação de Língua portuguesa, 9º ano
362 0 _a2018
650 4 _aLíngua portuguesa
942 _cBK
999 _c65898
_d65898